Desarrollo práctico de las reglas para la aplicación de las penas, según las atenuantes y agravantes que concurran o falten

שמור ב:
מידע ביבליוגרפי
מחבר ראשי: Pica Urrutia, René (Author)
פורמט: ספר
שפה:ספרדית
יצא לאור: Santiago Jurídica de Chile 1963
נושאים:
תגים: הוספת תג
אין תגיות, היה/י הראשונ/ה לתייג את הרשומה!

MARC

LEADER 00000nam a2200000 a 4500
001 UCS0232
003 CL-VaPUC
008 970418e19630000CL |||||||||||||||||spa|d
082 0 4 |a 345.04  |b PIC  |2 21 
100 0 |a Pica Urrutia, René  |e author  |9 383456 
245 1 0 |a Desarrollo práctico de las reglas para la aplicación de las penas, según las atenuantes y agravantes que concurran o falten 
300 |a 142 p 
942 |c BK 
945 |d 19970418 00:00:00  |a paguirre 
260 |a Santiago  |b Jurídica de Chile  |c 1963 
650 7 |a DERECHO PENAL  |2 CL-VaPUC  |9 11 
650 0 |a Penas   |9 255927 
650 0 |a Atenuantes  |9 380889 
650 0 |a Delitos  |9 224143 
650 0 |a Agravantes  |9 383432 
650 7 |a DELITOS CONTRA LA SEGURIDAD DEL ESTADO  |2 CL-VaPUC  |9 383457 
650 0 |a Sentencias  |9 256250 
583 |a last modification  |c 19970418 00:00:00  |k Rodrigo Vera 
999 |c 258472  |d 258470 
952 |0 0  |1 0  |4 0  |6 345_040000000000000_PIC_1963  |7 0  |8 A  |9 282607  |a BIBDER  |b BIBDER  |d 2019-11-19  |i 1832433  |o 345.04 PIC 1963  |p 1832433  |r 2023-01-25  |w 2019-11-19  |y BK  |k DER